|
|
|
|
| LEADER |
00000nam a2200000Ii 4500 |
| 001 |
DIGANAGRA0824 |
| 003 |
NyNyDIG |
| 006 |
m o d |
| 007 |
cr ||||||||||| |
| 008 |
220920s2018 sp o 000 j spa d |
| 035 |
|
|
|a (OCoLC)1044746806
|
| 040 |
|
|
|a DGITA
|b eng
|e rda
|e pn
|c DGITA
|
| 020 |
|
|
|a 9788433939395
|q digital
|
| 020 |
|
|
|z 9788433959607
|
| 050 |
1 |
4 |
|a PQ4880.A24 ebook
|
| 100 |
1 |
|
|a Tabucchi, Antonio,
|d 1943-2012,
|e author.
|
| 245 |
1 |
0 |
|a Cuentos /
|c Antonio Tabucchi.
|
| 250 |
|
|
|a Edición en formato digital.
|
| 264 |
|
1 |
|a Barcelona :
|b Editorial Anagrama,
|c [2018]
|
| 300 |
|
|
|a 1 online resource.
|
| 336 |
|
|
|a text
|b txt
|2 rdacontent
|
| 337 |
|
|
|a computer
|b c
|2 rdamedia
|
| 338 |
|
|
|a online resource
|b cr
|2 rdacarrier
|
| 347 |
|
|
|a text file
|2 rdaft
|
| 347 |
|
|
|b EPUB
|
| 490 |
1 |
|
|a Compendium
|
| 505 |
0 |
|
|a El juego del revés -- Dos relatos sin domicilio fijo (1981-1985) -- Un cuento recuperado (1986) -- Dama de Porto Pim -- I. Naufragios, derrelictos, tránsitos -- II. De ballenas y balleneros -- Pequeños equívocos sin importancia -- El ángel negro -- El tiempo envejece deprisa.
|
| 588 |
0 |
|
|a Online resource; title from ePub title page (Digitalia, viewed September 20, 2022)
|
| 655 |
|
7 |
|a Short stories.
|2 lcgft
|
| 655 |
|
0 |
|a Electronic books.
|
| 791 |
2 |
|
|a Digitalia (Firm),
|e distributor.
|
| 793 |
0 |
|
|g Digitalia eBook Collection:
|a Anagrama
|
| 776 |
0 |
8 |
|i Print version:
|a Tabucchi, Antonio, 1943-2012.
|t Cuentos.
|d Barcelona : Editorial Anagrama, [2018]
|z 9788433959607
|
| 830 |
|
0 |
|a Compendium (Editorial Anagrama) ;
|v 12.
|
| 856 |
4 |
0 |
|3 Digitalia Hispánica
|u https://www.digitaliapublishing.com/a/79900/
|
| 910 |
|
|
|a Premium collection: 2022
|